000
00336nam a2200133Ia 4500
008
220216s9999 xx 000 0 und d
100
_a
Satheesh P R
245
0
_a
Rubberinte uthpadanakshamathayum kaalavasthavyathiyanavum
260
_b
Rubber
_c
2012
300
_a
13-14
650
_a
Climate change
700
_a
Jacob J
942
_c
JS
999
_c
68237
_d
68237